000 00508nam a2200181Ia 4500
005 20250326125217.0
008 250326s9999 xx 000 0 und d
037 _aTextbook
040 _aFMSL
_beng
_cFMSL
041 _aeng
_2eng
084 _aX512:51 L2
_qFMSL
100 _aIzraeli D
_9736849
245 0 _aFranchising and the total distribution system
_cIzraeli D
260 _aLondon
_bLondon, Longman
_c1972
300 _a221p
942 _cTB
_hX512:51 L2
999 _c1277028
_d1277028